|
|
|
|
| LEADER |
00000nam a2200000 a 4500 |
| 001 |
vtls001393307 |
| 003 |
SK-MaSNL |
| 005 |
20260331204504.0 |
| 008 |
240226s1995 xo a r slo |
| 015 |
|
|
|a SNBA2000/10-03385
|
| 020 |
|
|
|a 8085706113
|
| 035 |
|
|
|a SNK000347617
|
| 035 |
|
|
|a urn:nbn:sk:snk-amtkid
|
| 035 |
|
|
|a urn:nbn:sk:snk-am00c793
|
| 035 |
|
|
|a 377138F9-A315-4DFF-B983-E021C6BB2EF3
|
| 040 |
|
|
|a SNK
|b slo
|c SNK
|e AACR2
|
| 041 |
0 |
|
|a slo
|
| 044 |
|
|
|a xo
|c SK
|
| 080 |
|
|
|a 77.04(437.6)(084.12)=854=20
|2 1981
|
| 080 |
|
|
|a 779(437.6)(084.12)=854=20
|2 1981
|
| 100 |
1 |
|
|a Martinček, Martin,
|d 1913-2004
|4 pht
|9 92454
|
| 245 |
1 |
|
|a Ako sa krúti svet
|c Martin Martinček, Marián Pauer
|
| 260 |
|
|
|a Bratislava
|b GORA
|c c1995
|
| 300 |
|
|
|a 175 s.
|b fotogr.
|c 29 cm
|
| 500 |
|
|
|a Súbež. text angl.
|
| 500 |
|
|
|a Fotogr. na front. a predsádkach
|
| 600 |
1 |
|
|a Martinček, Martin,
|d 1913-2004
|2 SNK
|9 92454
|
| 650 |
0 |
7 |
|a umelecká fotografia
|2 SNK
|9 29370
|
| 655 |
|
7 |
|a obrazové publikácie
|2 SNK
|9 70343
|
| 700 |
1 |
|
|a Pauer, Marián
|4 aut
|4 com
|9 290055
|
| 919 |
|
|
|a 80-85706-11-3
|
| 958 |
|
|
|a TL
|
| 958 |
|
|
|a OND
|
| 999 |
|
|
|c 638049
|d 639979
|
| 952 |
|
|
|t P60, <03>, [BOOK], {603}
|a SNK
|b SNK
|y PREZ
|7 0
|p 17A0246823
|o snkSB 62067
|i snkKSP 7502/2000
|0 0
|1 0
|4 0
|d 2000-07-26
|f 1
|l 0
|r 2025-04-11 00:00:00
|w 2026-02-23
|
| 952 |
|
|
|t P60, <04>, [BOOK], {604}
|a SNK
|b SNK
|y VYP
|7 0
|p 17A0246824
|o snkSB 62067 D1
|i snkKSP 7503/2000
|0 0
|1 0
|4 0
|d 2000-07-26
|l 0
|r 2005-01-02 00:00:00
|w 2026-02-23
|